Finance, planning, programming, economic analysis, and land development, 1991. (Record no. 543142)

000 -LEADER
fixed length control field 00879pam a2200217 a 4500
020 ## - INTERNATIONAL STANDARD BOOK NUMBER
International Standard Book Number 0309051150 :
082 00 - DEWEY DECIMAL CLASSIFICATION NUMBER
Classification number 388.068
Author Mark NAT
-- D
110 ## - MAIN ENTRY--CORPORATE NAME
Corporate name or jurisdiction name as entry element National Research Council (U.S)
9 (RLIN) 20017
245 00 - TITLE STATEMENT
Title Finance, planning, programming, economic analysis, and land development, 1991.
260 ## - PUBLICATION, DISTRIBUTION, ETC.
Place of publication, distribution, etc. Washington, D.C. :
Name of publisher, distributor, etc. Transportation Research Board, National Research Council,
Date of publication, distribution, etc. 1991.
300 ## - PHYSICAL DESCRIPTION
Extent xii, 384 p. :
Other physical details ill., maps ;
Dimensions 28 cm.
490 1# - SERIES STATEMENT
Series statement Transportation research record ;
500 ## - GENERAL NOTE
General note "A peer-reviewed publication of the Transportation Research Board."
526 ## - STUDY PROGRAM INFORMATION NOTE
Program name 0
Interest level 0
Reading level 0
Title point value 388_068000000000000_NAT
650 #0 - SUBJECT ADDED ENTRY--TOPICAL TERM
Topical term or geographic name entry element D
General subdivision Planning
9 (RLIN) 38522
650 #0 - SUBJECT ADDED ENTRY--TOPICAL TERM
Topical term or geographic name entry element Transportation
General subdivision Management
9 (RLIN) 38523
650 #0 - SUBJECT ADDED ENTRY--TOPICAL TERM
Topical term or geographic name entry element Transportation
General subdivision Planning
9 (RLIN) 19652
650 #0 - SUBJECT ADDED ENTRY--TOPICAL TERM
Topical term or geographic name entry element Transportation, Automotive
General subdivision Management
9 (RLIN) 38524
710 2# - ADDED ENTRY--CORPORATE NAME
Corporate name or jurisdiction name as entry element National Research Council (U.S.).
9 (RLIN) 20017
942 ## - ADDED ENTRY ELEMENTS (KOHA)
Source of classification or shelving scheme
Koha item type Book
Holdings
Withdrawn status Lost status Source of classification or shelving scheme Damaged status Not for loan Permanent Location Current Location Date acquired Total Checkouts Full call number Barcode Date last seen Price effective from Koha item type
          Military College of Engineering (MCE) Military College of Engineering (MCE) 03/07/2014   388.068 NAT MCE-42383 03/07/2014 03/07/2014 Book
© 2023 Central Library, National University of Sciences and Technology. All Rights Reserved.